Statistics for Countries with Guatemalan embassies

Click here to take the quiz!

General Stats

  • This quiz has been taken 29 times
  • The average score is 38 of 41

Answer Stats

Continent Country % Correct
South AmericaArgentina
100%
North AmericaCosta Rica
100%
South AmericaUruguay
100%
EuropeUnited Kingdom
100%
North AmericaNicaragua
100%
North AmericaMexico
100%
OceaniaAustralia
100%
South AmericaVenezuela
100%
South AmericaColombia
100%
South AmericaBrazil
100%
South AmericaChile
100%
EuropeAustria
96%
South AmericaEcuador
96%
North AmericaUnited States of America
96%
North AmericaEl Salvador
96%
EuropeFrance
96%
EuropeBelgium
96%
North AmericaHonduras
96%
Asia/ EuropeTurkey
96%
EuropeSpain
96%
North AmericaCuba
96%
North AmericaPanama
96%
EuropeGermany
96%
Asia/ EuropeRussia
92%
South AmericaPeru
92%
Europethe Netherlands
92%
North AmericaDominican Republic
92%
North AmericaCanada
92%
AsiaJapan
88%
North AmericaBelize
88%
AfricaEgypt
88%
EuropeItaly
88%
AsiaIsrael
84%
EuropeSweden
84%
EuropeSwitzerland
84%
EuropeVatican City
84%
AsiaTaiwan
80%
AsiaIndia
80%
AsiaSouth Korea
76%
AfricaMorocco
72%
North AmericaTrinidad and Tobago
72%

Score Distribution

Percentile by Number Answered

Percent of People with Each Score

Your Score History

You have not taken this quiz